<?xml version="1.0" encoding="UTF-8"?>
<record
    xmlns:xsi="http://www.w3.org/2001/XMLSchema-instance"
    xsi:schemaLocation="http://www.loc.gov/MARC21/slim http://www.loc.gov/standards/marcxml/schema/MARC21slim.xsd"
    xmlns="http://www.loc.gov/MARC21/slim">

  <leader>01761cam a2200265 a 4500</leader>
  <controlfield tag="003">SEM</controlfield>
  <datafield tag="999" ind1=" " ind2=" ">
    <subfield code="c">68193</subfield>
    <subfield code="d">68193</subfield>
  </datafield>
  <controlfield tag="005">20220608074102.0</controlfield>
  <controlfield tag="008">830111s1982    is af    b    001 0 eng  </controlfield>
  <datafield tag="020" ind1=" " ind2=" ">
    <subfield code="a">9652234362</subfield>
  </datafield>
  <datafield tag="040" ind1=" " ind2=" ">
    <subfield code="a">SEM</subfield>
    <subfield code="c">SEM</subfield>
  </datafield>
  <datafield tag="041" ind1="0" ind2=" ">
    <subfield code="a">eng.</subfield>
  </datafield>
  <datafield tag="080" ind1=" " ind2=" ">
    <subfield code="a">930.271/N-31</subfield>
  </datafield>
  <datafield tag="100" ind1="1" ind2=" ">
    <subfield code="a">Naveh Joseph</subfield>
  </datafield>
  <datafield tag="245" ind1="1" ind2="0">
    <subfield code="a">Early history of the alphabet:</subfield>
    <subfield code="b">an introduction to West Semitic epigraphy and palaeography. /</subfield>
    <subfield code="c">J. Naveh</subfield>
  </datafield>
  <datafield tag="250" ind1=" " ind2=" ">
    <subfield code="a">Reprinted</subfield>
  </datafield>
  <datafield tag="260" ind1=" " ind2=" ">
    <subfield code="a">Jerusalem:</subfield>
    <subfield code="b">Magnes Press, </subfield>
    <subfield code="c">1997.</subfield>
  </datafield>
  <datafield tag="300" ind1=" " ind2=" ">
    <subfield code="a">IX+222 p.;</subfield>
    <subfield code="b">ill., 24 plates;</subfield>
    <subfield code="c">23 cm</subfield>
  </datafield>
  <datafield tag="500" ind1=" " ind2=" ">
    <subfield code="a">[Inscriptions and manuscripts. Epigraphy and palaeography. The development of scripts and script styles. Semitic languages and scripts.  The rise of the Semitic script Background - Sumerian cuneiform writing. Egyptian hieroglyphic scripts. The Hittite "hieroglyphic" scripts. The Cretan scripts. Undeciphered scripts in Syria-Palestine. The beginnings of the Alphabet. The South Semitic scripts. The West Semitic Scripts - The Phoenician script. The Hebrew script. The Aramaic script. Comparative aspects of the Phoenician, Hebrew and Aramaic scripts. The scripts of Israel's neighbours. The change from Hebrew to Jewish script. The development of Later Aramaic offshoots Aramaic writing in the Iranian world. The Aramaic scripts in the East - The South Mesopotamian branch. The North Mesopotamian branch. The Palmyrene-Syriac branch. The Nabatean script and the rise of Arabic script. The Jewish script. The antiquity of the Greek Alphabet]</subfield>
  </datafield>
  <datafield tag="504" ind1=" " ind2=" ">
    <subfield code="a">Abbrev. - p.: 187; Ill. - p.: 189-202; Index - p.: 203-211.</subfield>
  </datafield>
  <datafield tag="650" ind1=" " ind2="0">
    <subfield code="a">Alphabet</subfield>
    <subfield code="x">History</subfield>
  </datafield>
  <datafield tag="650" ind1=" " ind2="0">
    <subfield code="a">Semitic languages</subfield>
    <subfield code="x">Alphabet</subfield>
    <subfield code="x">Scripts</subfield>
  </datafield>
  <datafield tag="650" ind1=" " ind2="0">
    <subfield code="a">Semitic inscriptions</subfield>
  </datafield>
  <datafield tag="650" ind1=" " ind2="0">
    <subfield code="a">Paleography</subfield>
    <subfield code="x">Semitic languages</subfield>
  </datafield>
  <datafield tag="942" ind1=" " ind2=" ">
    <subfield code="2">udc</subfield>
    <subfield code="c">BK</subfield>
  </datafield>
  <datafield tag="952" ind1=" " ind2=" ">
    <subfield code="0">0</subfield>
    <subfield code="1">0</subfield>
    <subfield code="2">udc</subfield>
    <subfield code="4">0</subfield>
    <subfield code="7">0</subfield>
    <subfield code="8">&#x533;&#x580;&#x561;&#x57A;&#x561;&#x570;&#x578;&#x581;</subfield>
    <subfield code="a">SEM</subfield>
    <subfield code="b">SEM</subfield>
    <subfield code="d">2018-07-23</subfield>
    <subfield code="g">5000.00</subfield>
    <subfield code="i">E-6581</subfield>
    <subfield code="l">0</subfield>
    <subfield code="o">930.271/N-31</subfield>
    <subfield code="p">E-6581</subfield>
    <subfield code="r">2018-07-23</subfield>
    <subfield code="w">2018-07-23</subfield>
    <subfield code="y">BK</subfield>
    <subfield code="z">&#x54D;&#x57A;&#x561;&#x57D;&#x561;&#x580;&#x56F;&#x57E;&#x578;&#x582;&#x574; &#x567; &#x568;&#x576;&#x569;&#x565;&#x580;&#x581;&#x561;&#x57D;&#x580;&#x561;&#x570;</subfield>
  </datafield>
</record>
